ნორმალური ფორმატი
MARC ფორმატი
ჩანაწერი Personal Name
ჩანაწერთა რაოდენობა, რომელიც გამოყენებულია: 1
001 - CONTROL NUMBER
- control field: 3265
003 - CONTROL NUMBER IDENTIFIER
- control field: GE_BSU
005 - DATE AND TIME OF LATEST TRANSACTION
- control field: 20190719173709.0
008 - FIXED-LENGTH DATA ELEMENTS
- fixed length control field: 190719|| aca||aabn | a|a d
040 ## - CATALOGING SOURCE
- Original cataloging agency: GE_BSU
- Transcribing agency: GE_BSU
100 ## - HEADING--PERSONAL NAME
- Personal name: ივანოვი, ა.
- Relator term: ატვორი
670 ## - SOURCE DATA FOUND
- Source citation: Work cat.: (GE_BSU)38600: მიხაილოვა, ნ.ვ. ივანოვი, ა.ა. ასანიძე, ს.რ. 3264, რომის სამართალი = Римское право /
